|
|
|
|
| LEADER |
00000nam0a2200000 4500 |
| 001 |
250803 |
| 005 |
20231101232610.0 |
| 020 |
|
|
|a RU
|b 89-6508
|
| 035 |
|
|
|a (RuTPU)RU\TPU\book\273031
|
| 090 |
|
|
|a 250803
|
| 100 |
|
|
|a 20140217d1988 k a0rusy5003 ca
|
| 101 |
0 |
|
|a rus
|
| 102 |
|
|
|a RU
|
| 105 |
|
|
|a a z 001zy
|
| 200 |
1 |
|
|a Оптимизация и моделирование
|e межвузовский сборник научных трудов
|f Горьковский государственный университет им. Н. И. Лобачевского (ГГУ) ; под ред. А. В. Сергиевского
|
| 210 |
|
|
|a Горький
|c Изд-во ГГУ
|d 1988
|
| 215 |
|
|
|a 98 с.
|c ил.
|
| 320 |
|
|
|a Библиогр. в конце ст.
|
| 606 |
1 |
|
|a Оптимальные процессы
|x Математическая теория
|x (автоматика)
|2 stltpush
|3 (RuTPU)RU\TPU\subj\47190
|9 66250
|
| 610 |
1 |
|
|a математическое моделирование
|
| 610 |
1 |
|
|a вычислительная техника
|
| 610 |
1 |
|
|a автоматизированное проектирование
|
| 610 |
1 |
|
|a автоматизированные устройства
|
| 610 |
1 |
|
|a программное обеспечение
|
| 610 |
1 |
|
|a амортизаторы
|
| 610 |
1 |
|
|a САПР
|
| 610 |
1 |
|
|a алгоритмы
|
| 675 |
|
|
|a 681.51.01:517
|z rus
|
| 702 |
|
1 |
|a Сергиевский
|b А. В.
|4 340
|
| 712 |
0 |
2 |
|a Горьковский государственный университет им. Н. И. Лобачевского (ГГУ)
|2 stltpush
|3 (RuTPU)RU\TPU\col\2603
|
| 801 |
|
0 |
|a RU
|b RuMRKP
|c 19950417
|g psbo
|
| 801 |
|
1 |
|a RU
|b 63413507
|c 20140217
|
| 801 |
|
2 |
|a RU
|b 63413507
|c 20140220
|g RCR
|
| 942 |
|
|
|c BK
|